Countries which are less Developed than their Neighbours - Statistics

General Stats
  • This quiz has been taken 79 times
  • The average score is 23 of 31
Answer Stats
HDI Countries % Correct
0.939 United Kingdom
96%
0.552 Haiti
93%
0.380 Somalia
91%
0.424 Yemen
91%
0.557 Syria
88%
0.462 Afghanistan
87%
0.394 Niger
87%
0.381 South Sudan
84%
0.698 Bolivia
82%
0.874 Portugal
82%
0.566 East Timor
81%
0.624 Honduras
81%
0.734 Ukraine
79%
0.699 Venezuela
79%
0.600 Cambodia
78%
0.495 Gambia
78%
0.521 Lesotho
78%
0.601 Nepal
78%
0.461 Mozambique
75%
0.608 Myanmar
75%
0.420 Burundi
70%
0.765 North Macedonia
70%
0.779 Bosnia and Herzegovina
69%
0.741 Mongolia
69%
0.568 Papua New Guinea
69%
0.690 Suriname
67%
0.458 Sierra Leone
63%
0.884 Andorra
57%
0.760 Azerbaijan
52%
0.732 Tunisia
48%
0.830 Uruguay
42%
No matching quizzes found
Score Distribution
Percent of People with Each Score
Percentile by Number Answered
Your Score History
You have not taken this quiz